Evaluación de tareas y administración de remuneraciones
Uloženo v:
| Hlavní autor: | |
|---|---|
| Médium: | Kniha |
| Jazyk: | španělština |
| Vydáno: |
Buenos Aires
Contabilidad Moderna
1972
|
| Témata: | |
| Tagy: |
Přidat tag
Žádné tagy, Buďte první, kdo vytvoří štítek k tomuto záznamu!
|
MARC
| LEADER | 00000nam a2200000 a 4500 | ||
|---|---|---|---|
| 001 | UCQ1190 | ||
| 003 | CL-VaPUC | ||
| 008 | 980709e19720000AG |||||||||||||||||spa|d | ||
| 082 | 0 | 4 | |a 658.3125 |b MAR |2 21 |
| 100 | |a Maristany, Jaime |e autor |9 414859 | ||
| 245 | 1 | 0 | |a Evaluación de tareas y administración de remuneraciones |
| 300 | |a 397 p | ||
| 942 | |c BK | ||
| 945 | |d 19980709 00:00:00 |a cmena | ||
| 260 | |a Buenos Aires |b Contabilidad Moderna |c 1972 | ||
| 650 | 0 | |a Trabajo y empleo |9 315054 | |
| 650 | 7 | |a CALIFICACION PARA EL EMPLEO |2 CL-VaPUC |9 343749 | |
| 650 | 7 | |a DESCRIPCION DE FUNCIONES |2 CL-VaPUC |9 414860 | |
| 650 | 7 | |a DETERMINACION DEL SALARIO |2 CL-VaPUC |9 414861 | |
| 650 | 0 | |a Salarios |9 255321 | |
| 650 | 7 | |a PLANIFICACION Y CONTROL |2 CL-VaPUC |9 414862 | |
| 583 | |a last modification |c 20180327 01:53:00 |k Rodrigo Vera | ||
| 999 | |c 272194 |d 272192 | ||
| 952 | |0 0 |1 0 |4 0 |6 658_312500000000000_MAR_1972 |7 0 |8 A |9 307076 |a BIBGIM |b BIBGIM |d 2019-11-20 |i 1437194 |l 1 |o 658.3125 MAR 1972 |p 1437194 |r 2025-01-15 |s 2023-09-01 |w 2019-11-20 |y BK |k COM | ||